000
00312nam a22001337a 4500
999
_c
13523
_d
13523
020
_a
9780470851166
082
_a
372.41
_b
WIL
100
_a
Arnold Wilkins
245
_a
Reading through colour
260
_a
England
_b
Wiley
_c
2003
300
_a
xv, 156 pages
650
_a
Reading, colour, Education
942
_c
BK